| 000 | 00716nam a22002537a 4500 | ||
|---|---|---|---|
| 003 | UA-OsUOA | ||
| 001 | 20909 | ||
| 007 | ta | ||
| 008 | 20031107b un ||||| |||| 00| 0 ukr d | ||
| 100 | _aКарпенко Віталій | ||
| 090 |
_a94 (477).154 _bК26 |
||
| 942 | _cBK | ||
| 040 |
_aUA-OsUOA _bukr _cUA-OsUOA _dUA-OsUOA |
||
| 245 |
_aУкріїнські студії під небом Баварії _bМюнхенські враження |
||
| 300 |
_a144 с. _bІлюстрації |
||
| 955 | _a0 | ||
| 041 | _aukr | ||
| 080 | _a94 (477).154 | ||
| 020 | _a966-7139-40-9 | ||
| 260 |
_aКиїв _bГазета "Вечірній Київ" _c1998 |
||
| 044 | _aUA | ||
| 650 | 7 | _2UDC | |
| 999 |
_c307097 _d307097 |
||